Prénoms de footballeurs n°1 - Statistiques

Statistiques générales
  • Ce quiz a été pris 286 fois
  • Le résultat moyen est 12 sur 15
Statistiques - réponses
Pays Nom Prénom % Correct
Espagne Ramos Sergio
98%
France Kanté N'Golo
95%
Pologne Lewandowski Robert
90%
Argentine Maradona Diego
89%
Belgique Courtois Thibaut
88%
France Camavinga Eduardo
86%
Turquie Güler Arda
82%
Uruguay Cavani Edinson
81%
Espagne Iniesta Andrés
78%
Pays-Bas Cruyff Johan
78%
Belgique Lukaku Romelu
77%
Allemagne Musiala Jamal
71%
Royaume-Uni Saka Bukayo
70%
Italie Baggio Roberto
66%
États-Unis Pulisic Christian
59%
Aucun quiz correspondant
Distribution des résultats
% des personnes avec chaque résultat
Percentile par nombre de réponses
Votre historique - résultats
Vous n’avez pas pris ce quiz